| 000 | 00552nam a22001817a 4500 | ||
|---|---|---|---|
| 005 | 20231201104615.0 | ||
| 008 | 231201b |||||||| |||| 00| 0 eng d | ||
| 020 | _a0409004642 | ||
| 022 | _a0409004642 | ||
| 041 | _aEnglish | ||
| 082 | _a349 JOU | ||
| 100 |
_aJoubert, WA and Faris, JA _lEnglish |
||
| 245 |
_aThe Law Of South Africa / _cWA Joubert and JA Faris |
||
| 260 |
_aDurban : _bButterworth Publishers, _c1998 |
||
| 300 |
_bviii, 542 pages ; _c26 cm. |
||
| 650 |
_aLegal practice _bLaw |
||
| 942 |
_cBK _6ALISON_BN_VRIES |
||
| 999 |
_c1095 _d1095 |
||